| 000 | 00468cam a22001814a 4500 | ||
|---|---|---|---|
| 005 | 20250605164056.0 | ||
| 008 | 250528s ||||||||||||||||||||||||d | ||
| 035 | _a17493 | ||
| 020 | _a3437402404 | ||
| 040 |
_aGR-AtMCL _bgre _dGR-AtMCL _eAACR2 |
||
| 245 | 1 | _aWettbewerbspolitik Und Kartellrecht / Eine Einfuhrung | |
| 260 |
_bGustav Fischer Verlag, _c1990 |
||
| 300 | _a306 | ||
| 700 | 1 |
_aSchmidt Ingo _93631 |
|
| 942 | _cBK | ||
| 999 |
_c2901 _d2901 |
||